01276nac a22003131i 4500003000900000005001700009008004100026020001800067020001500085040004300100082002100143100004400164245007900208250002000287264006600307300004500373336002600418337002800444338002700472504005100499650003800550650003600588655001700624856009100641856009200732942001200824999001500836952011100851EG-ScBUE20250715100757.0250715s2005 enka f b 001 0 eng d a9780521847728 a0521847729 aEG-ScBUEbengerdacEG-ScBUEdEG-ScBUE04a541.369bAND2221 aAnderson, G. M., eauthor.10aThermodynamics of natural systems /cG.M. Anderson, University of Toronto. aSecond edition. 1aCambridge ; aNew York : bCambridge University Press,c2005. axiv, 648 pages :billustrations ;c26 cm 2rdacontentatextbtxt aunmediated2rdamediabn avolumebnc2rdacarrier aIncludes bibliographical references and index. 7aThermodynamicsvTextbooks.2BUEsh 7aGeochemistryvTextbooks.2BUEsh vReading book423Publisher descriptionuhttp://www.loc.gov/catdir/enhancements/fy0632/2005284189-d.html423Table of contents onlyuhttp://www.loc.gov/catdir/enhancements/fy0632/2005284189-t.html cBB2ddc c2479d2479 00102ddc4070aMAINbMAINc1STd2007-02-21ePurchasel0o541.369 ANDp000001740r2025-07-15 00:00:00yBB